| 000 | 00825nam a2200217Ia 4500 | ||
|---|---|---|---|
| 005 | 20250425162215.0 | ||
| 008 | 250425s9999 xx 000 0 und d | ||
| 020 | _a9280135570 | ||
| 041 | _aspa | ||
| 082 |
_a333.9114 _pORG |
||
| 100 | _aOrganización Marítima Internacional, OMI | ||
| 245 | 0 |
_aMARPOL 73/78: Articulos, protocolos, anexos e interpretaciones unificadas del convenio internacional para prevenir la contaminación por los buques, 1973, modificado por el protocolo de 1978. _cOrganización Marítima Internacional |
|
| 250 | _a1a. edición | ||
| 260 |
_aLondres _bOrganización Marítima Internacional. OMI _c2002 |
||
| 300 |
_a553 p. _c25.8 cm. |
||
| 500 | _aIndicé, apéndice, anexos | ||
| 650 | _aContaminación del mar | ||
| 650 | _aContaminación Petrolífera | ||
| 942 | _c01 | ||
| 010 | _a56731 | ||
| 999 |
_c224520 _d224520 |
||